Štatistická indukcia pre ekonómov a manažérov

Uložené v:
Podrobná bibliografia
Hlavný autor: Pacáková, Viera
Korporativný autor: Ekonomická univerzita v Bratislave
Ďalší autori: Labudová, Viera, 1958-, Sipková, Ľubica, 1962-, Stankovičová, Iveta, Stehlíková, Beáta, Terek, Milan
Médium: Kniha
Jazyk:Slovak
Vydavateľské údaje: Bratislava Wolters Kluwer 2015
Vydanie:1. vyd.
Edícia:Ekonómia
Predmet:
Tagy: Pridať tag
Žiadne tagy, Buďte prvý, kto otaguje tento záznam!

MARC

LEADER 00000nam a2200000 4500
001 0209075
005 20240502073455.0
020 |a 978-80-8168-081-6 
041 0 |a slo 
044 |a SK 
245 1 0 |a Štatistická indukcia pre ekonómov a manažérov  |c Viera Pacáková a kolektív ; recenzovali: Beáta Stehlíková, Milan Terek 
250 |a 1. vyd. 
264 1 |a Bratislava  |b Wolters Kluwer  |c 2015 
300 |a 365 s. [15,01 AH] 
490 1 |a Ekonómia 
830 0 |a Ekonómia 
610 2 0 |a štatistika 
610 2 0 |a zisťovanie štatistické 
610 2 0 |a indukcia štatistická 
610 2 0 |a metódy štatistické 
610 2 0 |a zber dát 
610 2 0 |a rozhodovanie 
610 2 0 |a matematika 
610 2 0 |a teória pravdepodobnosti 
610 2 0 |a odhad štatistický 
610 2 0 |a parametre ekonomické 
610 2 0 |a testovanie hypotéz 
100 1 |a Pacáková, Viera 
700 1 |a Labudová, Viera, 1958- 
700 1 |a Sipková, Ľubica, 1962- 
700 1 |a Stankovičová, Iveta 
700 1 |a Stehlíková, Beáta 
700 1 |a Terek, Milan 
710 2 |a Ekonomická univerzita v Bratislave